Jack Ma : Nghệ thuật xây dựng và lãnh đạo tập đoàn = How to build a strong team

Trình bày mạch lạc 8 tinh túy mà ông đã đúc kết trong quãng thời gian kinh doanh.

Gorde:
Xehetasun bibliografikoak
Egile nagusia: Thân, Thảo Nê
Formatua: Liburua
Hizkuntza:Undetermined
Argitaratua: Hà Nội Văn học 2018
Gaiak:
Etiketak: Etiketa erantsi
Etiketarik gabe, Izan zaitez lehena erregistro honi etiketa jartzen!
Thư viện lưu trữ: Trung tâm Học liệu Trường Đại học Cần Thơ
LEADER 00800nam a2200229Ia 4500
001 CTU_230655
008 210402s9999 xx 000 0 und d
020 |c 135000 
082 |a 658.4090951 
082 |b N250 
100 |a Thân, Thảo Nê 
245 0 |a Jack Ma : 
245 0 |b Nghệ thuật xây dựng và lãnh đạo tập đoàn = How to build a strong team 
245 0 |c Thân Thảo Nê ; Hà Linh (dịch) 
260 |a Hà Nội 
260 |b Văn học 
260 |c 2018 
520 |a Trình bày mạch lạc 8 tinh túy mà ông đã đúc kết trong quãng thời gian kinh doanh. 
650 |a Doanh nhân,Businessmen 
650 |x Tiểu sử,Biography 
910 |b nthai 
980 |a Trung tâm Học liệu Trường Đại học Cần Thơ